000 00270nam a2200097Ia 4500
001 698657
005 20250826162055.0
008 250824s9999 xx 000 0 und d
245 0 _aDEĞİRMENİMDEN MEKTUPLAR (ANTİK)
_cALPHONSE DAUDET
260 _bANTİK DÜNYA KLASİKLERİ
999 _c698657
_d698657